[Event "Seville op 24th"]
[Site "Seville"]
[Date "1999.??.??"]
[Round "6"]
[White "Ferrerd, D."]
[Black "Matamoros Franco, Carlos S"]
[Result "0-1"]
[WhiteElo "2060"]
[BlackElo "2450"]
[PlyCount "50"]
[EventDate "1999.01.??"]
[EventType "swiss"]
[EventRounds "9"]
[EventCountry "ESP"]
[SourceTitle "EXT 2000"]
[Source "ChessBase"]
[SourceDate "1999.11.16"]
[SourceVersion "1"]
[SourceVersionDate "1999.11.16"]
[SourceQuality "1"]

1. d4 Nf6 2. c4 c5 3. d5 b5 4. cxb5 a6 5. bxa6 Bxa6 6. g3 d6 7. Bg2 g6 8. Nh3 Bg7 9. 0-0 Nbd7 10. Nc3 0-0 11. Re1 Qb6 12. Qc2 Rfb8 13. Rb1 Ne5 14. Na4 Qb7 15. f4 Nc4 16. b3 Ng4 17. e3 Qb4 18. Qd1 Bc8 19. Nb2 Nxb2 20. Bxb2 Rxa2 21. Bxg7 Kxg7 22. Qc1 Kg8 23. Ng5 Bf5 24. Ra1 Rc2 25. Qd1 Nf2 0-1